000 00238nam a22000977a 4500
008 160519b xxu||||| |||| 00| 0 eng d
041 _aeng
080 _a546
245 _aProgress in inogranic chemistry:
_cF. Albert Cotton;
942 _2udc
_cBK
999 _c2232
_d2232